000 00422nmm a2200157Ia 4500
008 251105s9999||||xx |||||||||||||||||und||
041 _aspa
100 _aMilburne, Melanie
245 0 _aDiamantes en Roma
264 _a[Madrid, España] :
_bHarlequin,
_c2012
300 _a160 páginas
490 _a'Dos gotas de agua'
650 _aRomance
856 _uhttps://public.digitaliapublishing.com/a/50220
942 _cCF
999 _c99048
_d99048